Statistiques concernant Voc allemand - Le corps

Cliquez ici pour prendre le quiz!

Statistiques générales

  • Ce quiz a été pris 22 fois
  • Le résultat moyen est 79 sur 134

Statistiques - réponses

HintRéponse% Correct
Der Kopf, ¨-eLa tête
100%
Das Gesicht, -erLe visage
100%
WeissBlanc
94%
BlauBleu
94%
GrauGris
94%
GelbJaune
94%
Das Bein, -eLa jambe
94%
Die Lippe, -nLa lèvre
94%
Der Arm, -eLe bras
94%
Der KörperLe corps
94%
Die Nase, -nLe nez
94%
Der Schlafanzug, ¨-e / das PyjamaLe pyjama
94%
BraunMarron / brun
94%
SchwarzNoir
94%
OrangeOrange
94%
RosaRose
94%
RotRouge
94%
GrünVert
94%
ZuhörenEcouter
88%
Der Mund, ¨-erLa bouche
88%
Die Hand, ¨-eLa main
88%
Der Friseur, -e / der Coiffeur, -eLe coiffeur
88%
Der FingerLe doigt
88%
Das KnieLe genou
88%
Der Traum, ¨-eLe rêve
88%
Das Haar, -eLe(s) cheveu(x)
88%
Der SchlafLe sommeil
88%
MüdeFatigué
82%
Das Licht, -erLa lumière
82%
Das WasserL'eau
82%
Die Zehe, -nLe doigt de pied
82%
Der Fuss, ¨-eLe pied
82%
TräumenRêver
82%
Rot werdenRougir
82%
EinschlafenS'endormir
82%
RuhigCalme
76%
Die Dusche, -nLa douche
76%
Die RuheLe calme
76%
Die StirnLe front
76%
Das Parfüm, -s | Der Duft, -eLe parfum
76%
Das BlutLe sang
76%
Das Auge, -nL'oeil
76%
BadenPrendre un bain / se baigner
76%
Sich duschenPrendre une douche
76%
BlindAveugle
71%
Die Farbe, -nLa couleur
71%
Der Zahn, ¨-eLa dent
71%
Das Bad, ¨-erLe bain
71%
Das Herz, -enLe coeur
71%
Der Hals, ¨-eLe cou
71%
Der RückenLe dos
71%
Das Bett, -enLe lit
71%
Die Schulter, -nL'épaule
71%
Der Blick, -eLe regard
71%
Der WeckerLe réveil
71%
Die Brille, -nLes lunettes
71%
Der Bauch, ¨-eLe ventre
71%
Das Ohr, -enL'oreille
71%
Das Organ, -eL'organe
71%
Schauen / ansehen / anschauenRegarder
71%
AufstehenSe lever
71%
RiechenSentir
71%
AufwachenSe réveiller
71%
BuntColoré
65%
Die Zahnbürste, -nLa brosse à dents
65%
Die LuftL'air
65%
Der Muskel, -nLe muscle
65%
DunkelObscur / foncé
65%
(Sich) rasieren(Se) raser
65%
HellClair
59%
LautHaut / fort
59%
Die Zunge, -nLa langue
59%
Die Zahnpasta, -enLe dentifrice
59%
Der Nagel, "L'ongle
59%
ErkennenReconnaître
59%
BlutenSaigner
59%
Die Badewanne, -nLa baignoire
53%
Die HautLa peau
53%
Der Krach / der LärmLe bruit (fort)
53%
Die Matratze, -nLe matelas
53%
LeiseBas / silencieux
47%
Die Brust, ¨-eLa poitrine / le sein
47%
Der SpiegelLe miroir
47%
Die Lunge, -nLe poumon
47%
Die Lippenstift, -eLe rouge à lèvres
47%
Die DunkelheitL'obscurité
47%
Der KnochenL'os
47%
BeobachtenObserver
47%
WachRéveillé
47%
TaubSourd
47%
Der Bart, ¨-eLa barbe
41%
Das BadezimmerLa salle de bains
41%
Die Figur, -enLa silhouette
41%
Die Leber, -nLe foie
41%
Das WaschbeckenLe lavabo
41%
Das Taschentuch, ¨-erLe mouchoir
41%
Die StilleLe silence
41%
Der Geruch, ¨-eL'odeur
41%
AtmenRespirer
41%
WeckenRéveiller
41%
StinkenSentir mauvais
41%
Die Decke, -nLa couverture
35%
Die Wange, -nLa joue
35%
Der Wasserhahn, ¨-eLe robinet
35%
Die Seife, -nLe savon
35%
Der SchattenL'ombre
35%
MischenMélanger
35%
Blass / bleichPâle
35%
StillSilencieux
35%
Der DaumenLe pouce
29%
Der Magen, "L'estomac
29%
Das KopfkissenL'oreiller
29%
KurzsichtigMyope
29%
AbtrocknenSe sécher
29%
Berühren / anfassenToucher
29%
FarbigEn couleur
24%
Das Glied, -erLe membre
24%
Der Darm, ¨-eL'intestin
24%
WeichMou
24%
BesetztOccupé
24%
Das Handtuch, ¨-erLa serviette de toilette
18%
Das LakenLe drap
18%
Der Kamm, ¨-eLe peigne
18%
KämmenPeigner
18%
SchwerhörigDur d'oreille
12%
Der Rasierapparat, -eLe rasoir électrique
12%
Das Klo, -sLes WC
12%
Die Galle, -nLa bile
6%
Der Blinddarm, ¨-eL'appendice
6%
Das Geräusch, -eLe bruit (léger)
6%
Der KreislaufLa circulation du sanf
0%
Der AtemL'haleine
0%
DuftenSentir bon
0%

Distribution des résultats

Percentile par nombre de réponses

% des personnes avec chaque résultat

Votre développement - résultats

Vous n’avez pas pris ce quiz